000 00946cam a22002295a 4500
001 L159403
008 170317s2012 xxk f 001 0 eng d
020 _a9780727757203
035 _a(Sirsi) u159403
041 0 _aeng
050 0 4 _218
100 1 _aMitchell, Bronwyn
245 0 0 _aManaging reality
_bbook 2
_bprocuring an engineering and construction contract
260 _aLondon
_bICE Publishing
_c2012
300 _axix, 149p.
_c30cm.
490 0 _aManaging Reality
_v2
520 _aSecond of a five part volume on managing the Engineering and Construction Contract (ECC) is intended for those who need to know how to procure such a contract. It covers in practical detail the invitations to tender, evaluation of submissions, which option to select, how to complete the Contract Data and how to prepare the Works Information.
651 4 _aUnited Kingdom
_y
690 _aContracts
_96232
700 1 _aTrebes, Barry
942 _n0
999 _c115869
_d115869